[Event "5. Open Memorial Pedro Lezcano 2012"]
[Site "Gran Canaria ESP"]
[Date "2012.04.06"]
[Round "7.3"]
[White "Barlov, Dragan"]
[Black "Recuero Guerra, David"]
[Result "1/2-1/2"]
[WhiteElo "2443"]
[BlackElo "2467"]
[PlyCount "40"]
[EventDate "2012.04.02"]
[EventType "swiss"]
[EventRounds "9"]
[EventCountry "ESP"]
[Source "lmi"]
[SourceDate "2012.04.02"]

1. e4 c5 2. Nf3 d6 3. c3 Nf6 4. h3 Nc6 5. Bd3 d5 6. e5 Nd7 7. Bb5 Qb6 8. Bxc6
Qxc6 9. O-O Nb6 10. d4 Bf5 11. dxc5 Qxc5 12. Nd4 Qc8 13. Re1 Bxb1 14. Rxb1 e6
15. Bf4 Qd7 16. b3 Rc8 17. a4 a6 18. Qf3 Rc7 19. Nf5 Rc6 20. Nd4 Rc7 1/2-1/2

[Event "5. Open Memorial Pedro Lezcano 2012"]
[Site "Gran Canaria ESP"]
[Date "2012.04.06"]
[Round "7.4"]
[White "Reinaldo Castineira, Roi"]
[Black "Fernandez Garcia, Jose Luis"]
[Result "1/2-1/2"]
[WhiteElo "2470"]
[BlackElo "2414"]
[PlyCount "44"]
[EventDate "2012.04.02"]
[EventType "swiss"]
[EventRounds "9"]
[EventCountry "ESP"]
[Source "lmi"]
[SourceDate "2012.04.02"]

1. c4 Nf6 2. g3 g6 3. Bg2 d5 4. cxd5 Nxd5 5. Nc3 Nxc3 6. bxc3 Bg7 7. Nf3 O-O 8.
O-O Nd7 9. Rb1 Rb8 10. Qc2 c5 11. d3 b6 12. a4 Bb7 13. a5 bxa5 14. Bf4 e5 15.
Bd2 Bc6 16. c4 Rxb1 17. Rxb1 Qa8 18. Ne1 Re8 19. Bxa5 e4 20. dxe4 Bxe4 21. Bxe4
Qxe4 22. Qxe4 Rxe4 1/2-1/2

[Event "5. Open Memorial Pedro Lezcano 2012"]
[Site "Gran Canaria ESP"]
[Date "2012.04.06"]
[Round "7.6"]
[White "Cabrera Trujillo, Jorge"]
[Black "Vera Gonzalez-Quevedo, Reynaldo"]
[Result "1/2-1/2"]
[WhiteElo "2357"]
[BlackElo "2482"]
[PlyCount "32"]
[EventDate "2012.04.02"]
[EventType "swiss"]
[EventRounds "9"]
[EventCountry "ESP"]
[Source "lmi"]
[SourceDate "2012.04.02"]

1. e4 e6 2. d4 d5 3. Nd2 c5 4. exd5 Qxd5 5. Ngf3 cxd4 6. Bc4 Qd6 7. O-O Nf6 8.
Nb3 Nc6 9. Nbxd4 Nxd4 10. Qxd4 Qxd4 11. Nxd4 Bd7 12. c3 Rc8 13. Bb3 Bc5 14. Bg5
Bxd4 15. cxd4 Bc6 16. Rac1 Kd7 1/2-1/2

[Event "5. Open Memorial Pedro Lezcano 2012"]
[Site "Gran Canaria ESP"]
[Date "2012.04.06"]
[Round "7.7"]
[White "Gergacz, Attila"]
[Black "Joie, Sebastien"]
[Result "1-0"]
[WhiteElo "2432"]
[BlackElo "2320"]
[PlyCount "47"]
[EventDate "2012.04.02"]
[EventType "swiss"]
[EventRounds "9"]
[EventCountry "ESP"]
[Source "lmi"]
[SourceDate "2012.04.02"]

1. e4 e5 2. Nf3 Nc6 3. Bc4 Nf6 4. d3 Bc5 5. c3 a6 6. O-O d6 7. b4 Ba7 8. Nbd2
O-O 9. Bb3 Ne7 10. h3 Ng6 11. d4 h6 12. Re1 Nh5 13. Nxe5 Nxe5 14. Qxh5 Nd3 15.
Re3 Nf4 16. Qf3 Qg5 17. Kh2 c5 18. Bb2 cxd4 19. cxd4 Ne6 20. Qg3 Nxd4 21. f4
Qxg3+ 22. Rxg3 Be6 23. f5 Bd7 24. Nf3 1-0

[Event "5. Open Memorial Pedro Lezcano 2012"]
[Site "Gran Canaria ESP"]
[Date "2012.04.06"]
[Round "7.8"]
[White "Pataki, Gyozo"]
[Black "Gonzalez Diaz, Julio"]
[Result "1/2-1/2"]
[WhiteElo "2357"]
[BlackElo "2232"]
[PlyCount "25"]
[EventDate "2012.04.02"]
[EventType "swiss"]
[EventRounds "9"]
[EventCountry "ESP"]
[Source "lmi"]
[SourceDate "2012.04.02"]

1. d4 d6 2. e4 Nf6 3. f3 c5 4. d5 g6 5. c4 Bg7 6. Nc3 O-O 7. Bg5 Na6 8. Bd3 Nc7
9. Nge2 Rb8 10. a4 Na6 11. O-O Nb4 12. Nc1 a6 13. Be2 1/2-1/2

[Event "5. Open Memorial Pedro Lezcano 2012"]
[Site "Gran Canaria ESP"]
[Date "2012.04.06"]
[Round "7.9"]
[White "Illijin, Neboisa"]
[Black "Hernando Rodrigo, Jose Maria"]
[Result "0-1"]
[WhiteElo "2191"]
[BlackElo "2326"]
[PlyCount "116"]
[EventDate "2012.04.02"]
[EventType "swiss"]
[EventRounds "9"]
[EventCountry "ESP"]
[Source "lmi"]
[SourceDate "2012.04.02"]

1. e4 d5 2. exd5 Qxd5 3. Nf3 Nf6 4. d4 Bg4 5. Be2 Nc6 6. c4 Qf5 7. Nc3 O-O-O 8.
Be3 e6 9. a3 Bc5 10. Nb5 Rd7 11. b4 Bxf3 12. Bxf3 Nxd4 13. Nxd4 Bxd4 14. Bxd4
Rhd8 15. Qa4 Rxd4 16. Qxa7 Qd3 17. Bxb7+ Kd7 18. Qxd4+ Qxd4 19. Rd1 Qxd1+ 20.
Kxd1 c6 21. Ba6 Kc7+ 22. Ke2 Kb6 23. b5 Ne4 24. Ke3 Nc5 25. Rb1 f6 26. Rb2 Rd3+
27. Ke2 Rxa3 28. bxc6+ Kxc6 29. Bb5+ Kd6 30. Rd2+ Ke5 31. f3 Nb3 32. Rd7 Nd4+
33. Kf2 Ra2+ 34. Ke3 Ra3+ 35. Kf2 g5 36. Rxh7 Ra2+ 37. Kg3 Kf5 38. Rh6 Ne2+ 39.
Kf2 Nf4+ 40. Kf1 Nxg2 41. c5 Ne3+ 42. Ke1 Nc2+ 43. Kf1 Nd4 44. Bd3+ Ke5 45. Be4
Ra1+ 46. Kf2 Rc1 47. h4 gxh4 48. Rxh4 Rxc5 49. Bd3 Rc3 50. f4+ Kd5 51. Ba6 Rc2+
52. Kf1 Rb2 53. Bd3 Rd2 54. Ba6 Ke4 55. Rh6 f5 56. Bc4 Kf3 57. Ke1 Rc2 58. Bxe6
Re2+ 0-1

[Event "5. Open Memorial Pedro Lezcano 2012"]
[Site "Gran Canaria ESP"]
[Date "2012.04.06"]
[Round "7.10"]
[White "Martin Hernandez, Ruben"]
[Black "Vega Gutierrez, Sabrina"]
[Result "1/2-1/2"]
[WhiteElo "2182"]
[BlackElo "2323"]
[PlyCount "104"]
[EventDate "2012.04.02"]
[EventType "swiss"]
[EventRounds "9"]
[EventCountry "ESP"]
[Source "lmi"]
[SourceDate "2012.04.02"]

1. c4 e5 2. g3 d6 3. Bg2 g6 4. d4 Nd7 5. Nc3 Ngf6 6. Nf3 Bg7 7. O-O O-O 8. h3
Re8 9. Re1 c6 10. e4 exd4 11. Nxd4 Qb6 12. Nc2 Ne5 13. b3 Nfd7 14. Na4 Qa5 15.
Bd2 Qc7 16. Bb4 Nc5 17. Nb2 a5 18. Ba3 b5 19. Bxc5 dxc5 20. Rb1 a4 21. Qe2 Be6
22. Ne3 Red8 23. f4 a3 24. Nbd1 Nd3 25. Rf1 f5 26. e5 b4 27. Nf2 Nxf2 28. Kxf2
Rd4 29. Rbd1 Rad8 30. Nc2 Rxd1 31. Rxd1 g5 32. Ke3 Bh6 33. Rxd8+ Qxd8 34. Qh5
Kg7 35. Qf3 gxf4+ 36. gxf4 Qh4 37. Bf1 Bf7 38. Bd3 Bh5 39. Qg2+ Kf8 40. Qh2 Bg4
41. Bf1 Bd1 42. Bd3 Bg4 43. Bf1 Ke7 44. Qf2 Qxf2+ 45. Kxf2 Bd1 46. Ne3 Bxb3 47.
axb3 Bxf4 48. Nc2 Ke6 49. Bg2 Kxe5 50. Bxc6 Bc1 51. Kf3 Bb2 52. Be8 a2 1/2-1/2

[Event "5. Open Memorial Pedro Lezcano 2012"]
[Site "Gran Canaria ESP"]
[Date "2012.04.06"]
[Round "7.12"]
[White "Molina Rodriguez, Borja"]
[Black "De La Cruz Sanchez, Carlos G"]
[Result "0-1"]
[WhiteElo "2141"]
[BlackElo "2288"]
[PlyCount "44"]
[EventDate "2012.04.02"]
[EventType "swiss"]
[EventRounds "9"]
[EventCountry "ESP"]
[Source "lmi"]
[SourceDate "2012.04.02"]

1. e4 e6 2. d4 d5 3. Nc3 Nc6 4. Nf3 Nf6 5. Bd3 Bb4 6. e5 Ne4 7. Bd2 Nxd2 8.
Qxd2 Bd7 9. a3 Ba5 10. b4 Bb6 11. Ne2 f6 12. b5 Nxd4 13. Nexd4 fxe5 14. Bxh7
Qf6 15. Bd3 e4 16. O-O Bxd4 17. Nxd4 Qxd4 18. Qf4 e5 19. Qg5 exd3 20. Rae1 e4
21. cxd3 O-O 22. dxe4 Bxb5 0-1

[Event "5. Open Memorial Pedro Lezcano 2012"]
[Site "Gran Canaria ESP"]
[Date "2012.04.06"]
[Round "7.13"]
[White "Gutierrez Olivares, Daniel"]
[Black "Acosta Sosa, Juan Manuel"]
[Result "1-0"]
[WhiteElo "2281"]
[BlackElo "2141"]
[PlyCount "95"]
[EventDate "2012.04.02"]
[EventType "swiss"]
[EventRounds "9"]
[EventCountry "ESP"]
[Source "lmi"]
[SourceDate "2012.04.02"]

1. f4 d5 2. Nf3 c5 3. g3 Nc6 4. Bg2 g6 5. O-O Bg7 6. d3 e6 7. c3 Nge7 8. Qe1 d4
9. Na3 Nd5 10. Bd2 O-O 11. Nc4 b6 12. Nce5 Nxe5 13. fxe5 Bb7 14. cxd4 cxd4 15.
Qf2 Ne7 16. Bb4 Bh6 17. Nxd4 Nd5 18. Bxd5 Qxd5 19. e4 Qxe5 20. Bxf8 Rxf8 21.
Nf3 Qb5 22. Rad1 Bg7 23. Rfe1 Qxb2 24. Qxb2 Bxb2 25. Rb1 Bf6 26. Rbc1 Ba6 27.
e5 Bd8 28. d4 Bb7 29. Nd2 Bg5 30. Rc2 Bd5 31. Ne4 Bxe4 32. Rxe4 Rd8 33. Kf2 Rd7
34. h4 Be7 35. Ke3 Kg7 36. Rc6 Rb7 37. Kd3 Rd7 38. Kc4 h5 39. Re3 g5 40. hxg5
Bxg5 41. Rd3 Bh6 42. a4 Rd5 43. Rc7 Ra5 44. Kb4 Kg6 45. Rf3 Bd2+ 46. Kb3 Rd5
47. Rcxf7 Rxd4 48. R3f6+ 1-0

[Event "5. Open Memorial Pedro Lezcano 2012"]
[Site "Gran Canaria ESP"]
[Date "2012.04.06"]
[Round "7.14"]
[White "Lopez Pereyra, Antonio"]
[Black "Valles, Manuel"]
[Result "0-1"]
[WhiteElo "2125"]
[BlackElo "2260"]
[PlyCount "52"]
[EventDate "2012.04.02"]
[EventType "swiss"]
[EventRounds "9"]
[EventCountry "ESP"]
[Source "lmi"]
[SourceDate "2012.04.02"]

1. b3 d5 2. Bb2 Bg4 3. Nf3 Bxf3 4. exf3 e6 5. f4 Nf6 6. g3 Be7 7. Bg2 O-O 8.
O-O a5 9. a3 c6 10. d3 Na6 11. Nd2 Qb6 12. f5 exf5 13. Re1 Bd8 14. Qf3 g6 15.
Bh3 Ne8 16. Bxf5 gxf5 17. Qxf5 Ng7 18. Qg4 f6 19. Nf3 Qc7 20. Nd4 f5 21. Nxf5
Rxf5 22. Bxg7 Rg5 23. Re8+ Kxg7 24. Qe6 Qf7 25. Qe3 Rg6 26. Re1 Bg5 0-1

[Event "5. Open Memorial Pedro Lezcano 2012"]
[Site "Gran Canaria ESP"]
[Date "2012.04.06"]
[Round "7.15"]
[White "Meneses Gonzalez, Kevin Moises"]
[Black "Lopez Colon, Francisco"]
[Result "1/2-1/2"]
[WhiteElo "2248"]
[BlackElo "2106"]
[PlyCount "97"]
[EventDate "2012.04.02"]
[EventType "swiss"]
[EventRounds "9"]
[EventCountry "ESP"]
[Source "lmi"]
[SourceDate "2012.04.02"]

1. e4 d6 2. d4 Nf6 3. Nc3 g6 4. f4 Bg7 5. Nf3 O-O 6. Bd3 Na6 7. O-O c5 8. d5
Bg4 9. Bc4 Rb8 10. h3 Bxf3 11. Qxf3 Nd7 12. Qe2 Nc7 13. a4 b6 14. Nb5 Rb7 15.
c3 a5 16. Na3 Rb8 17. Nc2 Kh8 18. f5 Ne5 19. Ne3 Ne8 20. Ng4 Nxg4 21. hxg4 Nf6
22. Bb5 Nd7 23. Qf3 Ne5 24. Qh3 e6 25. Bd2 exf5 26. gxf5 g5 27. Be2 Qf6 28. Qg3
h6 29. Kf2 Kg8 30. Kg1 Rbe8 31. Rab1 Ra8 32. Bb5 Ra7 33. Kh1 Rc8 34. Rbc1 Rac7
35. Ba6 Ra8 36. Bb5 Rac8 37. Be2 Kf8 38. Qf2 Nd7 39. Rfe1 Ra8 40. Bb5 Ne5 41.
Be2 Nd7 42. Kg1 Ne5 43. Be3 Re7 44. Bd2 Rc7 45. Qg3 Re7 46. Bb5 Rc7 47. Kh1
Rac8 48. Ba6 Ra8 49. Bb5 1/2-1/2

[Event "5. Open Memorial Pedro Lezcano 2012"]
[Site "Gran Canaria ESP"]
[Date "2012.04.06"]
[Round "7.17"]
[White "Alvarado Diaz, Alejandro"]
[Black "Marrero Cardenes, Agustin"]
[Result "1/2-1/2"]
[WhiteElo "2219"]
[BlackElo "1895"]
[PlyCount "120"]
[EventDate "2012.04.02"]
[EventType "swiss"]
[EventRounds "9"]
[EventCountry "ESP"]
[Source "lmi"]
[SourceDate "2012.04.02"]

1. g3 e6 2. Bg2 Nf6 3. Nf3 b6 4. O-O Bb7 5. c4 Be7 6. d4 O-O 7. Re1 d6 8. Nc3
Ne4 9. Qc2 Nxc3 10. Ng5 Be4 11. Bxe4 Nxe4 12. Qxe4 Bxg5 13. Qxa8 Bf6 14. Qe4 d5
15. cxd5 exd5 16. Qd3 c5 17. dxc5 bxc5 18. Be3 c4 19. Qc2 Nc6 20. Bc5 Re8 21.
Qa4 Qc8 22. Rad1 Ne5 23. Bd4 Rd8 24. Qxa7 Nc6 25. Qb6 Nxd4 26. Rxd4 Bxd4 27.
Qxd4 Qc6 28. Rd1 f5 29. f3 Ra8 30. a3 Re8 31. Kf1 Rd8 32. Qe5 g6 33. Qd4 Rd7
34. Rd2 Rd8 35. Ke1 Rb8 36. Qe5 Rb5 37. Kf1 Qb7 38. e4 fxe4 39. fxe4 c3 40.
Qxc3 dxe4 41. Rd8+ Kf7 42. Qd4 Rf5+ 43. Kg1 Qb5 44. Qd7+ Qxd7 45. Rxd7+ Ke6 46.
Rd2 Rf3 47. Rf2 Rb3 48. Kf1 e3 49. Rc2 Ke5 50. Ke2 Kd4 51. h3 Rb7 52. b4 Rf7
53. Rc8 Rf2+ 54. Ke1 Ra2 55. Rc7 Kd3 56. Rd7+ Ke4 57. Rxh7 Ra1+ 58. Ke2 Ra2+
59. Ke1 Ra1+ 60. Ke2 Ra2+ 1/2-1/2

[Event "5. Open Memorial Pedro Lezcano 2012"]
[Site "Gran Canaria ESP"]
[Date "2012.04.06"]
[Round "7.18"]
[White "Gonzalez Intelangelo, Gerardo"]
[Black "Garcia Blanco, Omar"]
[Result "0-1"]
[WhiteElo "2020"]
[BlackElo "2205"]
[PlyCount "136"]
[EventDate "2012.04.02"]
[EventType "swiss"]
[EventRounds "9"]
[EventCountry "ESP"]
[Source "lmi"]
[SourceDate "2012.04.02"]

1. c4 e5 2. b3 Nc6 3. Bb2 g6 4. Nf3 Bg7 5. e3 d6 6. a3 a5 7. Qc2 Nge7 8. d3 O-O
9. Nbd2 f5 10. Be2 Kh8 11. Bc3 f4 12. e4 Nd4 13. Nxd4 exd4 14. Bb2 c5 15. O-O
Nc6 16. Qd1 b6 17. Bc1 Ra7 18. Nf3 g5 19. Ne1 Ne5 20. Nf3 Nd7 21. h3 Qf6 22.
Bd2 Qg6 23. Nh2 Ne5 24. Nf3 Nd7 25. Nh2 Bf6 26. Bh5 Qh6 27. Bg4 Qg6 28. Bh5 Qg7
29. Ng4 Be5 30. Qf3 Nb8 31. Nh2 Nc6 32. Bg4 Bf6 33. Bxc8 Rxc8 34. Qe2 Qg6 35.
Rfb1 h5 36. Kf1 Rg8 37. Ke1 Be5 38. f3 Rb8 39. a4 Rg7 40. Kd1 Ne7 41. Kc2 Ng8
42. Rh1 Nf6 43. Rag1 Kg8 44. Qf2 Kf7 45. Rf1 Rf8 46. Kb2 Ke7 47. Ka2 Kd7 48.
Kb1 Kc7 49. Ka2 Ng8 50. Qe2 Nh6 51. Rf2 Kb7 52. Rhf1 Ka6 53. Ka3 Rfg8 54. Bc1
Kb7 55. Bd2 Kc6 56. Bc1 Rf7 57. Bd2 g4 58. fxg4 hxg4 59. hxg4 Nxg4 60. Nxg4
Qxg4 61. Kb2 Rfg7 62. Rf3 Qxg2 63. R1f2 Qh1 64. Bxf4 Bxf4 65. Rxf4 Rg1 66. Rf1
R8g2 67. R4f2 Rxf2 68. Rxf2 Rb1+ 0-1

[Event "5. Open Memorial Pedro Lezcano 2012"]
[Site "Gran Canaria ESP"]
[Date "2012.04.06"]
[Round "7.19"]
[White "De La Hoz Sanchez, Ruben"]
[Black "Leon Varela, Luis"]
[Result "0-1"]
[WhiteElo "1961"]
[BlackElo "2190"]
[PlyCount "46"]
[EventDate "2012.04.02"]
[EventType "swiss"]
[EventRounds "9"]
[EventCountry "ESP"]
[Source "lmi"]
[SourceDate "2012.04.02"]

1. e4 e6 2. d4 d5 3. exd5 exd5 4. Bf4 Nc6 5. c3 Bd6 6. Bxd6 Qxd6 7. Bd3 Nge7 8.
Nf3 Bg4 9. Nbd2 O-O-O 10. Qa4 Ng6 11. O-O-O Kb8 12. h3 Bd7 13. Qc2 Nf4 14. Rhg1
Nxd3+ 15. Qxd3 g6 16. Rde1 Bf5 17. Qe3 Rhe8 18. Qg5 Nb4 19. g4 Nd3+ 20. Kb1 Qb6
21. b3 Nxe1+ 22. gxf5 Nxf3 23. Nxf3 f6 0-1

[Event "5. Open Memorial Pedro Lezcano 2012"]
[Site "Gran Canaria ESP"]
[Date "2012.04.06"]
[Round "7.20"]
[White "Perez Barreto, Adrian"]
[Black "Vega Gutierrez, Belinda"]
[Result "0-1"]
[WhiteElo "1956"]
[BlackElo "2177"]
[PlyCount "94"]
[EventDate "2012.04.02"]
[EventType "swiss"]
[EventRounds "9"]
[EventCountry "ESP"]
[Source "lmi"]
[SourceDate "2012.04.02"]

1. d4 d5 2. c4 e6 3. Nc3 Nf6 4. cxd5 exd5 5. Bg5 Be7 6. e3 Nbd7 7. Qc2 c6 8.
Bd3 h6 9. Bh4 O-O 10. Nf3 Re8 11. h3 Ne4 12. Bxe7 Qxe7 13. O-O-O b5 14. Kb1 Bb7
15. Bxe4 dxe4 16. Nd2 Nf6 17. Nb3 Bc8 18. Nc5 Bf5 19. g4 Bg6 20. Rdg1 Nd7 21.
Nxd7 Qxd7 22. h4 f5 23. h5 Bf7 24. g5 Bc4 25. Qd1 Re6 26. gxh6 Rxh6 27. Rg5 Rf8
28. Rhg1 Rf7 29. Rg6 Kh7 30. R1g5 c5 31. dxc5 b4 32. Qxd7 Rxd7 33. Na4 Bd3+ 34.
Kc1 Bb5 35. b3 Rxh5 36. Rxg7+ Rxg7 37. Rxh5+ Kg6 38. Rh1 Rc7 39. Rg1+ Kf6 40.
Kd2 Bxa4 41. bxa4 Rxc5 42. Rb1 a5 43. Rb3 Kg5 44. a3 bxa3 45. Rxa3 Kg4 46. Ra2
Kf3 47. Kd1 Rc4 0-1

[Event "5. Open Memorial Pedro Lezcano 2012"]
[Site "Gran Canaria ESP"]
[Date "2012.04.06"]
[Round "7.21"]
[White "Navarro Molina, David"]
[Black "Korneev, Svyatoslav"]
[Result "1-0"]
[WhiteElo "2168"]
[BlackElo "1938"]
[PlyCount "67"]
[EventDate "2012.04.02"]
[EventType "swiss"]
[EventRounds "9"]
[EventCountry "ESP"]
[Source "lmi"]
[SourceDate "2012.04.02"]

1. d4 Nf6 2. Nf3 c5 3. d5 b5 4. Bg5 Qb6 5. Nc3 b4 6. Na4 Qd6 7. c4 g6 8. Qc2
Qc7 9. e4 d6 10. Bd3 Bg7 11. O-O O-O 12. b3 Re8 13. Rae1 Nbd7 14. h3 e5 15.
dxe6 Rxe6 16. Nb2 Bb7 17. Re2 Rae8 18. Rfe1 Qb8 19. Bf4 Qa8 20. Ng5 Re5 21.
Bxe5 Nxe5 22. Re3 h6 23. Nf3 Nxf3+ 24. Rxf3 Nxe4 25. Rfe3 f5 26. Nd1 Bd4 27.
R3e2 Re5 28. Kh2 Nc3 29. Nxc3 Bxc3 30. Rg1 Qe8 31. f4 Re3 32. Rf2 Qe7 33. g4
Bf3 34. Rxf3 1-0

[Event "5. Open Memorial Pedro Lezcano 2012"]
[Site "Gran Canaria ESP"]
[Date "2012.04.06"]
[Round "7.22"]
[White "Sanchez Montesdeoca, Isaac"]
[Black "Rodriguez Ferraz, Borja"]
[Result "0-1"]
[WhiteElo "1775"]
[BlackElo "2149"]
[PlyCount "90"]
[EventDate "2012.04.02"]
[EventType "swiss"]
[EventRounds "9"]
[EventCountry "ESP"]
[Source "lmi"]
[SourceDate "2012.04.02"]

1. e4 e5 2. d4 exd4 3. Qxd4 Nc6 4. Qe3 Nf6 5. Nc3 Bb4 6. Bd2 O-O 7. O-O-O Re8
8. Qg3 Nxe4 9. Nxe4 Rxe4 10. c3 Bf8 11. Bd3 Ra4 12. Nf3 d6 13. Ng5 g6 14. h4
Ne5 15. Bb1 Rg4 16. Qh2 h6 17. f3 Ra4 18. Ne4 Bf5 19. Qf4 Bxe4 20. fxe4 Qd7 21.
Be3 Qg4 22. Qf1 h5 23. Qb5 Nc4 24. Bg5 Nb6 25. Rhf1 Bg7 26. Qb3 Qe6 27. Qc2 Ra5
28. Rf3 Nc4 29. Qb3 b5 30. Rdf1 Ne5 31. Qxe6 fxe6 32. R3f2 Rb8 33. a3 c5 34.
Kd2 b4 35. axb4 cxb4 36. cxb4 Rxb4 37. Rc1 Rxb2+ 38. Ke1 Rxb1 39. Rxb1 Nd3+ 40.
Kf1 Nxf2 41. Kxf2 Ra2+ 42. Kf3 Rb2 43. Rc1 Rb7 44. Rc6 Be5 45. g4 Rf7+ 0-1

[Event "5. Open Memorial Pedro Lezcano 2012"]
[Site "Gran Canaria ESP"]
[Date "2012.04.06"]
[Round "7.23"]
[White "Capote Robayna, Nathaniel"]
[Black "Santana Gil, Odama"]
[Result "1-0"]
[WhiteElo "2054"]
[BlackElo "1663"]
[PlyCount "81"]
[EventDate "2012.04.02"]
[EventType "swiss"]
[EventRounds "9"]
[EventCountry "ESP"]
[Source "lmi"]
[SourceDate "2012.04.02"]

1. e4 e5 2. Nf3 Nc6 3. Bb5 a6 4. Ba4 Bc5 5. O-O Nf6 6. c3 b5 7. Bc2 d6 8. d4
Bb6 9. h3 O-O 10. Re1 Re8 11. Nbd2 Bb7 12. Nf1 h6 13. Ng3 Na5 14. a4 c5 15. d5
b4 16. Nf5 b3 17. Bb1 Bc8 18. N3h4 Kh7 19. Ne3 c4 20. Nhf5 Qc7 21. Qf3 Bxe3 22.
Bxe3 Bxf5 23. Qxf5+ Kg8 24. Bxh6 Qe7 25. Bg5 Nb7 26. Re3 Nc5 27. Rg3 Ncd7 28.
Bh6 g6 29. Qf3 a5 30. h4 Kh7 31. Bg5 Rg8 32. h5 Rac8 33. Rh3 Kg7 34. Qe3 Rh8
35. h6+ Kh7 36. Qa7 Ra8 37. Bxf6 Qxf6 38. Qxd7 Qf4 39. Bd3 cxd3 40. Rxd3 Rhd8
41. Qe7 1-0

[Event "5. Open Memorial Pedro Lezcano 2012"]
[Site "Gran Canaria ESP"]
[Date "2012.04.06"]
[Round "7.24"]
[White "Nortes Hernandez, Pedro"]
[Black "Salazar De La Cruz, Jose Maria"]
[Result "1-0"]
[WhiteElo "2048"]
[BlackElo "1769"]
[PlyCount "39"]
[EventDate "2012.04.02"]
[EventType "swiss"]
[EventRounds "9"]
[EventCountry "ESP"]
[Source "lmi"]
[SourceDate "2012.04.02"]

1. e4 d6 2. d4 Nf6 3. Nc3 g6 4. Bc4 Bg7 5. Qe2 O-O 6. h3 Nbd7 7. e5 Ne8 8. e6
fxe6 9. Bxe6+ Kh8 10. Nf3 Ndf6 11. Ng5 Nd7 12. Be3 c6 13. h4 Qb6 14. O-O-O c5
15. h5 cxd4 16. hxg6 h6 17. Bxd4 Bxd4 18. Rxh6+ Kg7 19. Rh7+ Kxg6 20. Qh5+ 1-0

[Event "5. Open Memorial Pedro Lezcano 2012"]
[Site "Gran Canaria ESP"]
[Date "2012.04.06"]
[Round "7.25"]
[White "Cruz Ramirez, Nauzet"]
[Black "Rodriguez Lorenzo, Yadira"]
[Result "1/2-1/2"]
[WhiteElo "1710"]
[BlackElo "2042"]
[PlyCount "102"]
[EventDate "2012.04.02"]
[EventType "swiss"]
[EventRounds "9"]
[EventCountry "ESP"]
[Source "lmi"]
[SourceDate "2012.04.02"]

1. d4 e6 2. c4 b6 3. Nc3 Bb7 4. Nf3 f5 5. g3 Nf6 6. Bg2 Be7 7. O-O O-O 8. e3
Ne4 9. Nxe4 Bxe4 10. Nd2 Bxg2 11. Kxg2 Qe8 12. b3 d6 13. Bb2 Nd7 14. Qe2 g5 15.
f4 Qg6 16. Kh1 Nf6 17. Qg2 Rae8 18. Rae1 Bd8 19. b4 d5 20. c5 Ne4 21. Nxe4 fxe4
22. b5 Be7 23. c6 Bd6 24. Rg1 Rf7 25. Re2 Rg7 26. Qf1 Rf8 27. Reg2 Qh5 28. Qe2
Qh3 29. Bc1 Kh8 30. Bd2 Rfg8 31. a4 gxf4 32. gxf4 Rxg2 33. Rxg2 Rxg2 34. Qxg2
Qh5 35. Qf1 Qg4 36. a5 Be7 37. axb6 axb6 38. h3 Qh5 39. Kh2 Bh4 40. Bb4 h6 41.
Ba3 Kh7 42. Bb4 Qe8 43. Qe2 h5 44. Qa2 Qg8 45. Qg2 Qa8 46. Qc2 Bd8 47. Qe2 Kg6
48. Qg2+ Kf7 49. Qe2 Kg6 50. Qg2+ Kh7 51. Qe2 Kg6 1/2-1/2

[Event "5. Open Memorial Pedro Lezcano 2012"]
[Site "Gran Canaria ESP"]
[Date "2012.04.06"]
[Round "7.26"]
[White "Rodriguez Manzaneda, Irene"]
[Black "Cruz Pino, Adrian"]
[Result "1-0"]
[WhiteElo "1686"]
[BlackElo "2011"]
[PlyCount "55"]
[EventDate "2012.04.02"]
[EventType "swiss"]
[EventRounds "9"]
[EventCountry "ESP"]
[Source "lmi"]
[SourceDate "2012.04.02"]

1. e4 c6 2. d4 d5 3. Nc3 dxe4 4. Nxe4 Nd7 5. Nf3 Ndf6 6. Nxf6+ Nxf6 7. Bc4 e6
8. c3 Be7 9. O-O O-O 10. Qc2 Qc7 11. Bd3 h6 12. g3 c5 13. Qe2 b6 14. dxc5 bxc5
15. Bf4 Qb6 16. Be5 Bb7 17. Bxf6 Bxf6 18. Nd2 Rfd8 19. Ne4 Be7 20. Nd2 Qd6 21.
Be4 Qxd2 22. Qxd2 Rxd2 23. Bxb7 Rb8 24. Be4 Rbxb2 25. h4 Bf6 26. Rab1 Bxc3 27.
Rfd1 Bd4 28. Rxd2 1-0

[Event "5. Open Memorial Pedro Lezcano 2012"]
[Site "Gran Canaria ESP"]
[Date "2012.04.06"]
[Round "7.27"]
[White "Garcia Rodriguez, Sara"]
[Black "Engelbrecht, Kevin P"]
[Result "1-0"]
[WhiteElo "2011"]
[BlackElo "1740"]
[PlyCount "33"]
[EventDate "2012.04.02"]
[EventType "swiss"]
[EventRounds "9"]
[EventCountry "ESP"]
[Source "lmi"]
[SourceDate "2012.04.02"]

1. e4 e5 2. Nf3 Nf6 3. Nxe5 d6 4. Nf3 Nxe4 5. Nc3 Nxc3 6. dxc3 Be7 7. Bc4 Be6
8. Bxe6 fxe6 9. Nd4 e5 10. Ne6 Qd7 11. Nxg7+ Kd8 12. Qd5 c6 13. Qe6 Qxe6 14.
Nxe6+ Kd7 15. Ng7 Rg8 16. Nf5 Rxg2 17. Ng3 1-0

[Event "5. Open Memorial Pedro Lezcano 2012"]
[Site "Gran Canaria ESP"]
[Date "2012.04.06"]
[Round "7.28"]
[White "Perez Castellano, Yaiza"]
[Black "Mayor Gonzalez, Julio"]
[Result "0-1"]
[WhiteElo "1642"]
[BlackElo "1943"]
[PlyCount "78"]
[EventDate "2012.04.02"]
[EventType "swiss"]
[EventRounds "9"]
[EventCountry "ESP"]
[Source "lmi"]
[SourceDate "2012.04.02"]

1. e4 d5 2. exd5 Nf6 3. Nc3 Nxd5 4. Nxd5 Qxd5 5. d4 c5 6. Be3 cxd4 7. Qxd4 Qxd4
8. Bxd4 Nc6 9. Bb5 Bd7 10. Bc3 f6 11. Nf3 e5 12. Nd2 a6 13. Bd3 O-O-O 14. Nb3
f5 15. O-O-O Be6 16. Rd2 Be7 17. a3 Bg5 18. Na5 Nxa5 19. Bxa5 Rd7 20. g3 Bxd2+
21. Bxd2 e4 22. Be2 h6 23. h4 Rhd8 24. Bf4 b5 25. f3 exf3 26. Bxf3 Bd5 27. Bxd5
Rxd5 28. Re1 Kd7 29. b3 Re8 30. Rd1 Rxd1+ 31. Kxd1 Ke6 32. Ke2 Kf6+ 33. Kd3 g5
34. hxg5+ hxg5 35. Bd2 Rd8+ 36. Ke2 Rc8 37. Kd3 Kg6 38. c4 bxc4+ 39. bxc4 Kh5
0-1

[Event "5. Open Memorial Pedro Lezcano 2012"]
[Site "Gran Canaria ESP"]
[Date "2012.04.06"]
[Round "7.29"]
[White "Aguila Hernandez, Eduardo"]
[Black "Schlittermann, Wolfgang"]
[Result "1/2-1/2"]
[WhiteElo "1864"]
[BlackElo "1751"]
[PlyCount "119"]
[EventDate "2012.04.02"]
[EventType "swiss"]
[EventRounds "9"]
[EventCountry "ESP"]
[Source "lmi"]
[SourceDate "2012.04.02"]

1. e4 c5 2. Nf3 e6 3. d4 cxd4 4. Nxd4 a6 5. Bd3 Nc6 6. Nb3 Nf6 7. O-O Be7 8. f4
d6 9. a3 Qb6+ 10. Kh1 Na5 11. Nxa5 Qxa5 12. Be3 e5 13. f5 d5 14. Nd2 d4 15. Bg5
b5 16. Nf3 Qc7 17. Rc1 Bb7 18. Bxf6 Bxf6 19. c3 dxc3 20. Rxc3 Qd7 21. Qc2 Rc8
22. g4 h6 23. Rd1 O-O 24. Qg2 Rxc3 25. bxc3 Bxe4 26. Qe2 Bxf3+ 27. Qxf3 Qc7 28.
Bb1 Qc5 29. Qg3 Qxa3 30. h4 e4 31. Bxe4 Qxc3 32. Bd3 Qc6+ 33. Kh2 Re8 34. Kh3
Qc5 35. Re1 Rxe1 36. Qxe1 Qe5 37. Qf2 Qd4 38. Qg3 Be5 39. Qf3 Bf4 40. Kg2 Qe3
41. Qxe3 Bxe3 42. Kf3 Bc5 43. Ke4 Kf8 44. Kd5 Bf2 45. h5 Ke7 46. Be2 Kf6 47.
Ke4 Be1 48. Kd3 Kg5 49. Kc2 b4 50. Kb3 a5 51. Bd1 Kf4 52. Be2 Ke3 53. Bd1 Kd3
54. Bf3 Kd4 55. Bd1 Kc5 56. Be2 Kd4 57. Bd1 a4+ 58. Kxa4 Kc3 59. Bb3 Kb2 60.
Bxf7 1/2-1/2